Rozvoj zatiaľ brzdí cena
Kedy je pre firmu výhodnejšie riešenie, ktoré stojí na čiarovom kóde, a v akom prípade sa oplatí investovať do technológie rádiofrekvenčnej identifikácie (RFID). Výhody a nevýhody oboch týchto technológií. Široké možnosti uplatnenia RFID.
Salvato in:
| Autore principale: | |
|---|---|
| Natura: | Capitolo di libro |
| Lingua: | slovacco |
| Soggetti: | |
| Tags: |
Nessun Tag, puoi essere il primo ad aggiungerne!!
|
MARC
| LEADER | 00000naa$a2200000$$$4500 | ||
|---|---|---|---|
| 001 | 0081638 | ||
| 005 | 20231128093239.0 | ||
| 041 | 0 | |a slo | |
| 044 | |a SK | ||
| 245 | 1 | 0 | |a Rozvoj zatiaľ brzdí cena |c Pavol Prikryl |
| 520 | |a Kedy je pre firmu výhodnejšie riešenie, ktoré stojí na čiarovom kóde, a v akom prípade sa oplatí investovať do technológie rádiofrekvenčnej identifikácie (RFID). Výhody a nevýhody oboch týchto technológií. Široké možnosti uplatnenia RFID. | ||
| 610 | 2 | 0 | |a kódy čiarové |
| 610 | 2 | 0 | |a kódovanie |
| 610 | 2 | 0 | |a technológie informačné |
| 610 | 2 | 0 | |a ceny |
| 610 | 2 | 0 | |a tovar |
| 100 | 1 | |a Prikryl, Pavol | |